LEADER 01554nam a2200325 4500 001 000000336189 003 CaOOAMICUS 005 20190904112634.0 008 190826s2005 it 000 u ita r 020 $a88-465-0488-7 040 $aSeMil$bita 100 1 $aStaglianò, Antonio,$c.$0(OLS)http://semarc/name/19256 245 10$aSu due ali :$bl'impegno per la ragione, responsabilità della fede /$cAntonio Staglianò ; prefazione di S.E. Mons. Rino Fisichella ; postfazione del prof. Francesco Botturi. 264 1$aRoma :$bLateran University Press,$c2005. 300 $a374 p. ;$c22 cm 490 1 $aSaggi per il nostro tempo ;$v2 500 $aCon dedica a S.E. card. A. Scola 541 1 $aFondo card. Angelo Scola 650 4$aRagione e fede.$0(OLS)http://semarc/subject/7700 650 4$aRagione - Crisi.$0(OLS)http://semarc/subject/43701 700 1 $aBotturi, Francesco,$d<1947- >.$0(OLS)http://semarc/name/308 700 1 $aFisichella, Rino,$c.$0(OLS)http://semarc/name/3789 830 0$aSaggi per il nostro tempo ;$v2.$0(OLS)http://semarc/title/22564 850 $aSeMil 852 $aSeMil$W1$xVenegono$y1$m2P VII 431$j216764$B228000$CSeMilBibl$Z2$F228000 $81 941 1 $a6 996 $6020$a88-465-0488-7$9(OLS)http://semarc/number/288541 996 $6245$aSu due ali :$bl'impegno per la ragione, responsabilità della fede$9(OLS)http://semarc/title/425468 996 $6264$aRoma :$bLateran University Press$9(OLS)http://semarc/publisher/33902 LEADER 01330nam a2200229 i 4500 001 000000218362 003 CaOOAMICUS 005 20130130000000.0 008 130130s1992 it u000 u ita u 013 $a197259 040 $aSeMil$bita 100 1 $aConvegno Archeologico Internazionale : Milano capitale dell'Impero Romano <1990 ; Milano>.$0(OLS)http://semarc/name/26652 245 10$aFelix temporis reparatio :$batti del Convegno archeologico internazionale Milano capitale dell'impero romano : Milano, 8-11 marzo 1990 /$cConvegno Archeologico Internazionale Milano capitale dell'Impero Romano ; a cura di Gemma Sena Chiesa e Ermanno A. Arslan. 260 $aMilano :$bET,$c1992. 300 $a468 p. :$bill. ;$c31 cm. 650 4$aMilano - Storia - Epoca romana - Origini.$0(OLS)http://semarc/subject/4382 700 1 $aArslan, Ermanno Alessio,$c<1940- >.$0(OLS)http://semarc/name/19510 700 1 $aSena Chiesa, Gemma,$d<1929- >.$0(OLS)http://semarc/name/26653 850 $aSeMil 852 $aSeMil$W1$xVenegono$y1$m3O VI 165$j168772$B168772$CSeMilBibl$Z2$F179661 $81 996 $6245$aFelix temporis reparatio :$batti del Convegno archeologico internazionale Milano capitale dell'impero romano : Milano, 8-11 marzo 1990$9(OLS)http://semarc/title/313533 996 $6260$aMilano :$bET$9(OLS)http://semarc/publisher/32289